000 004520000a22001930004500
001 003239
003 MACL
005 20151205170655.0
008 151205b xxu||||| |||| 00| 0 eng d
040 _aMACL
_cMACL
041 _aEnglish
082 _a742
100 _aGuha, Tapas
_94432
245 _aMuthu's Dreams
_cTapas Guha
260 _aNational Book Trust,
_c2003
350 _a18
650 _aChildren's Book
_919427
942 _k742
_cBK
_2ddc
999 _c15145
_d15145